Statistics for Biggest Cities once in the Spanish Empire

Click here to take the quiz!

General Stats

  • This quiz has been taken 21,900 times
  • The average score is 13 of 23

Answer Stats

Population City % Correct
22.8 mMexico City
94%
6.45 mMadrid
92%
4.73 mBarcelona
88%
16.3 mBuenos Aires
85%
9.90 mLima
79%
9.80 mBogota
78%
7.20 mSantiago
76%
3.78 mCaracas
71%
17.8 mLos Angeles
69%
25.2 mManila
62%
7.85 mSan Francisco
61%
7.10 mDallas
59%
6.60 mHouston
59%
6.35 mMiami
57%
5.25 mGuadalajara
47%
4.58 mPhoenix
42%
3.95 mMedellĂ­n
38%
4.93 mMonterrey
32%
3.90 mSanto Domingo
31%
4.30 mTampa
27%
3.70 mDenver
22%
4.23 mNaples
15%
5.20 mMilan
11%

Score Distribution

Percentile by Number Answered

Percent of People with Each Score

Your Score History

You have not taken this quiz